[Event "Ostravský koník 2014 - FIDE Open B"]
[Site "Ostrava, CZE"]
[Date "2014.04.27"]
[Round "2"]
[White "Knettig, Vojtech"]
[Black "Neumann, Filip"]
[Result "0-1"]
[WhiteElo "1000"]
[BlackElo "1370"]
[PlyCount "82"]

1. e4 c5 2. Nc3 d6 3. Nf3 e6 4. d3 Nf6 5. Bg5 Be7 6. d4 cxd4 7. Nxd4 O-O 8.
Bxf6 Bxf6 9. Be2 Nd7 10. O-O Bxd4 11. Qxd4 Qb6 12. Qxb6 Nxb6 13. Nb5 d5 14.
exd5 Nxd5 15. Bf3 Bd7 16. Bxd5 Bxb5 17. Bxb7 Rab8 18. Rfe1 Rxb7 19. b3 Rc7 20.
c4 Ba6 21. Rac1 Bb7 22. b4 Rd8 23. Rcd1 Rxd1 24. Rxd1 Kf8 25. c5 Bd5 26. a3 a5
27. Rc1 axb4 28. axb4 Bc6 29. f3 Bb5 30. Kf2 Rb7 31. Ke3 g6 32. Kd4 Bc6 33. Rb1
g5 34. Kc4 Bd5+ 35. Kd4 g4 36. b5 gxf3 37. gxf3 Bxf3 38. b6 Rd7+ 39. Kc4 Bc6
40. Kb4 Rd4+ 41. Ka5 Ra4# 0-1

[Event "Ostravský koník 2014 - FIDE Open B"]
[Site "Ostrava, CZE"]
[Date "2014.04.28"]
[Round "3"]
[White "Snyta, Zdenek"]
[Black "Kopta, Jirí"]
[Result "1-0"]
[WhiteElo "2091"]
[BlackElo "1960"]
[PlyCount "101"]

1. e4 c5 2. g3 Nc6 3. Bg2 g6 4. c3 Bg7 5. Ne2 e5 6. Na3 Nge7 7. d3 d5 8. O-O
Be6 9. f4 dxe4 10. dxe4 O-O 11. Qxd8 Raxd8 12. Be3 b6 13. f5 gxf5 14. exf5 Nxf5
15. Rxf5 Bxf5 16. Bxc6 Rd6 17. Ba4 Rfd8 18. Re1 Be6 19. Bb3 Bxb3 20. axb3 Rd3
21. Kf2 f5 22. Nc1 R3d7 23. Bg5 Rf8 24. Ne2 Kf7 25. Bc1 Kg6 26. Ng1 e4 27. Nh3
Be5 28. Nc4 Bc7 29. Bf4 Bxf4 30. Nxf4+ Kf6 31. Re2 Rfd8 32. Ke3 Rd1 33. Nd2 b5
34. c4 a6 35. g4 Rd4 36. b4 bxc4 37. bxc5 Ke5 38. gxf5 Rd3+ 39. Nxd3+ cxd3 40.
Nc4+ Kd5 41. Rf2 Kxc4 42. c6 Kd5 43. f6 Re1+ 44. Kd2 Rg1 45. Kc3 e3 46. Rf5+
Kxc6 47. Kxd3 Rg8 48. Kxe3 Kd7 49. f7 Rf8 50. Kd4 Ke6 51. Rf2 1-0

[Event "Ostravský koník 2014 - FIDE Open B"]
[Site "Ostrava, CZE"]
[Date "2014.04.28"]
[Round "3"]
[White "Kula, Dominik"]
[Black "Dvorák, Vladimír"]
[Result "0-1"]
[WhiteElo "1968"]
[BlackElo "2046"]
[PlyCount "54"]

1. e4 e6 2. Nf3 d5 3. e5 c5 4. b4 cxb4 5. a3 Nc6 6. axb4 Bxb4 7. c3 Be7 8. d4
Bd7 9. Bd3 a6 10. O-O h5 11. Ba3 Nh6 12. Re1 g5 13. c4 g4 14. Nfd2 Nxd4 15.
cxd5 exd5 16. Nc3 Be6 17. Qa4+ Nc6 18. Nf1 Bxa3 19. Rxa3 Qg5 20. Qb3 O-O 21.
Qxb7 Nxe5 22. Bb1 Nf3+ 23. gxf3 gxf3+ 24. Ng3 h4 25. Rxe6 hxg3 26. fxg3 Rab8
27. Qe7 f2+ 0-1

[Event "Ostravský koník 2014 - FIDE Open B"]
[Site "Ostrava, CZE"]
[Date "2014.04.28"]
[Round "3"]
[White "Omamik, Pavel"]
[Black "Hájek, Oskar"]
[Result "1/2-1/2"]
[WhiteElo "2044"]
[BlackElo "1947"]
[PlyCount "81"]

1. Nf3 Nf6 2. d4 c5 3. Nc3 cxd4 4. Nxd4 d5 5. Bf4 Nc6 6. e3 Qb6 7. Qd2 e5 8.
Nxc6 exf4 9. Nd4 Bd7 10. Bd3 Bc5 11. O-O O-O 12. Nce2 fxe3 13. fxe3 Rfe8 14. c3
Ng4 15. h3 Nxe3 16. Rf3 Qh6 17. Qc1 Bd6 18. Kf2 Qh4+ 19. g3 Qxh3 20. Rxe3 Qh2+
21. Kf3 h5 22. Bf5 Bxf5 23. Nxf5 Bc5 24. Ned4 Qh3 25. Qe1 Qg4+ 26. Kg2 Re4 27.
Rxe4 dxe4 28. Qe2 Qg5 29. Qe3 Qg4 30. Rf1 Re8 31. b4 Bf8 32. Rf4 Qd1 33. Rxe4
Rxe4 34. Qxe4 Qa1 35. Ne2 Qxa2 36. Kf3 a5 37. Qxb7 axb4 38. cxb4 Qb3+ 39. Kg2
Qxb4 40. Qxb4 Bxb4 41. Kf3 1/2-1/2

[Event "Ostravský koník 2014 - FIDE Open B"]
[Site "Ostrava, CZE"]
[Date "2014.04.28"]
[Round "3"]
[White "Petrov, Bogoljub"]
[Black "Hastík, Svatopluk"]
[Result "1/2-1/2"]
[WhiteElo "1953"]
[BlackElo "2037"]
[PlyCount "112"]

1. f4 d6 2. Nf3 c5 3. e4 g6 4. c3 Bg7 5. Bc4 Nf6 6. d3 O-O 7. Qe2 Nc6 8. Bb3
Bg4 9. O-O e5 10. h3 Bxf3 11. Rxf3 Na5 12. fxe5 Nxb3 13. axb3 dxe5 14. Bg5 Qd6
15. Na3 Nd7 16. Raf1 a6 17. Nc4 Qe6 18. Qd1 f6 19. Bh4 b5 20. Ne3 Nb6 21. c4
Rf7 22. g4 Raf8 23. Nd5 Nxd5 24. cxd5 Qd6 25. Qc2 Bh6 26. Bf2 Rc7 27. Be3 Bxe3+
28. Rxe3 Rfc8 29. Qf2 Kg7 30. Rf3 Rf8 31. g5 f5 32. exf5 Qxd5 33. f6+ Kg8 34.
Qe3 Kf7 35. Rc1 Rfc8 36. h4 Qd4 37. Qxd4 cxd4 38. Re1 Rc1 39. Rff1 Rxe1 40.
Rxe1 Ke6 41. Re2 h6 42. Rf2 hxg5 43. hxg5 Kf7 44. Kg2 e4 45. dxe4 Rc5 46. Rd2
Rxg5+ 47. Kf3 Kxf6 48. Rxd4 Re5 49. Kf4 g5+ 50. Ke3 Re6 51. Rd1 Ke5 52. Rc1 Rg6
53. Rc5+ Kd6 54. b4 g4 55. e5+ Ke6 56. Kf4 g3 1/2-1/2

[Event "Ostravský koník 2014 - FIDE Open B"]
[Site "Ostrava, CZE"]
[Date "2014.04.28"]
[Round "3"]
[White "Trombík, Karel"]
[Black "Stanek, Stanislav"]
[Result "1/2-1/2"]
[WhiteElo "2016"]
[BlackElo "1917"]
[PlyCount "99"]

1. Nf3 d6 2. d4 Bg4 3. Nbd2 Nd7 4. c3 c6 5. h3 Bh5 6. e4 e5 7. Be2 Be7 8. O-O
Ngf6 9. Re1 O-O 10. Qc2 Re8 11. Bd3 Bxf3 12. Nxf3 Qc7 13. Be3 h6 14. Rad1 Nf8
15. Qb3 Ng6 16. Bb1 Nh7 17. d5 c5 18. c4 Bg5 19. Bxg5 Nxg5 20. Nxg5 hxg5 21.
Bd3 Nf4 22. Bf1 Qd7 23. Qg3 f6 24. b3 g6 25. Qg4 Qxg4 26. hxg4 f5 27. f3 Kg7
28. g3 fxg4 29. gxf4 gxf4 30. fxg4 Rh8 31. Kf2 Rh4 32. Kf3 Kf6 33. Re2 Kg5 34.
Rg2 Rh3+ 35. Kf2 f3 36. Rg3 Rh2+ 37. Kxf3 Rxa2 38. Be2 Rh8 39. Rdg1 Rh2 40.
R1g2 Rh1 41. Bd3 Ra3 42. Bc2 Rc1 43. Rd2 a5 44. Kf2 Ra2 45. Rc3 Raa1 46. Ke3
Rg1 47. Bd3 Rg3+ 48. Kf2 Kf4 49. Rdc2 Rh1 50. Be2 1/2-1/2

[Event "Ostravský koník 2014 - FIDE Open B"]
[Site "Ostrava, CZE"]
[Date "2014.04.28"]
[Round "3"]
[White "Lamser, Tomás"]
[Black "Milat, Patrik"]
[Result "0-1"]
[WhiteElo "1941"]
[BlackElo "2006"]
[PlyCount "56"]

1. e4 c5 2. Nf3 e6 3. d4 cxd4 4. Nxd4 Nc6 5. Be3 Nf6 6. Bd3 e5 7. Nf3 d5 8.
exd5 Nxd5 9. Bd2 Be7 10. Nc3 Bg4 11. Be4 Be6 12. Qe2 Nxc3 13. Bxc3 f6 14. O-O
Qc7 15. Rfd1 Bd6 16. Qd3 O-O-O 17. Bxh7 Ne7 18. Re1 g6 19. Bxg6 Bc5 20. Qe4
Rdg8 21. Nxe5 Nxg6 22. Nxg6 Qxh2+ 23. Kf1 Bd7 24. Bxf6 Rxg6 25. Be5 Bb5+ 26. c4
Bxc4+ 27. Qxc4 Qxg2+ 28. Ke2 Qxf2+ 0-1

[Event "Ostravský koník 2014 - FIDE Open B"]
[Site "Ostrava, CZE"]
[Date "2014.04.28"]
[Round "3"]
[White "Kozelský, Marek"]
[Black "Kondula, Lukás"]
[Result "0-1"]
[WhiteElo "1933"]
[BlackElo "1997"]
[PlyCount "26"]

1. e4 e5 2. Nf3 Nc6 3. Bb5 f5 4. d3 Nf6 5. O-O Bc5 6. Bxc6 dxc6 7. exf5 O-O 8.
Nxe5 Bxf5 9. Be3 Bd4 10. c3 Bxe5 11. d4 Bxh2+ 12. Kxh2 Ng4+ 13. Kg3 Nxe3 0-1

[Event "Ostravský koník 2014 - FIDE Open B"]
[Site "Ostrava, CZE"]
[Date "2014.04.28"]
[Round "3"]
[White "Zeman, Arnost"]
[Black "Mejzr, Jan"]
[Result "1-0"]
[WhiteElo "1993"]
[BlackElo "1798"]
[PlyCount "105"]

1. c4 Nf6 2. Nf3 g6 3. g3 Bg7 4. Bg2 O-O 5. Nc3 d6 6. O-O Nbd7 7. Qc2 c6 8. d3
Qc7 9. Bd2 Re8 10. Rab1 e5 11. b4 Nf8 12. b5 Bd7 13. a4 Ne6 14. Rfe1 Nd4 15.
Qd1 Nxf3+ 16. Bxf3 h5 17. a5 Qxa5 18. b6 Qa6 19. Be3 c5 20. Bg5 Bc6 21. Bxf6
Bxf6 22. Nd5 Bxd5 23. Bxd5 e4 24. bxa7 Rxa7 25. dxe4 Re7 26. Rb3 Rd7 27. Qd3
Kg7 28. Reb1 Bd8 29. h4 Ba5 30. Ra1 Rd8 31. Rb5 b6 32. Kg2 Qc8 33. Rb3 Qd7 34.
Rba3 Qe7 35. f4 Rc7 36. Rf1 f6 37. Ra2 Re8 38. f5 Qe5 39. fxg6 Kxg6 40. e3 Qc3
41. Qe2 Rh8 42. Rc2 Qe5 43. Rf5 Qa1 44. Qd3 Kg7 45. Be6 Qb1 46. Rf1 Qb4 47.
Qxd6 b5 48. e5 Rh6 49. exf6+ Rxf6 50. Rxf6 Kxf6 51. Rf2+ Kg7 52. Qe5+ Kh6 53.
Rf6+ 1-0

[Event "Ostravský koník 2014 - FIDE Open B"]
[Site "Ostrava, CZE"]
[Date "2014.04.28"]
[Round "3"]
[White "Kriebel, Rudolf"]
[Black "Sládek, Vladislav"]
[Result "1/2-1/2"]
[WhiteElo "1889"]
[BlackElo "1987"]
[PlyCount "20"]

1. g3 d5 2. Bg2 e5 3. d3 Nc6 4. Nf3 Nf6 5. O-O Bg4 6. Re1 h5 7. Bg5 Be7 8. Nbd2
Qd7 9. c4 d4 10. Qc2 Bh3 1/2-1/2

[Event "Ostravský koník 2014 - FIDE Open B"]
[Site "Ostrava, CZE"]
[Date "2014.04.28"]
[Round "3"]
[White "Melecký, Jaroslav"]
[Black "Pesl, Jan"]
[Result "1/2-1/2"]
[WhiteElo "1973"]
[BlackElo "1780"]
[PlyCount "67"]

1. e4 c6 2. d4 d5 3. Nc3 dxe4 4. Nxe4 Bf5 5. Ng3 Bg6 6. Nf3 Nd7 7. h4 h6 8. h5
Bh7 9. Bd3 Bxd3 10. Qxd3 e6 11. Be3 Ngf6 12. O-O-O Qc7 13. Rhe1 O-O-O 14. Kb1
Bd6 15. Ne4 Nxe4 16. Qxe4 Nf6 17. Qh4 Nd5 18. Bd2 Nf4 19. Qh1 c5 20. g3 Nd5 21.
c4 Nf6 22. Be3 Ng4 23. d5 Nxe3 24. Rxe3 exd5 25. Rxd5 Rhe8 26. Qe1 Rxe3 27.
Qxe3 Qe7 28. Qd3 Qf6 29. Kc2 b6 30. Qf5+ Qxf5+ 31. Rxf5 Rd7 32. b3 Re7 33. Kd3
Kd7 34. Rd5 1/2-1/2

[Event "Ostravský koník 2014 - FIDE Open B"]
[Site "Ostrava, CZE"]
[Date "2014.04.28"]
[Round "3"]
[White "Semanèík, David"]
[Black "Malinovský, Petr"]
[Result "1/2-1/2"]
[WhiteElo "1721"]
[BlackElo "1969"]
[PlyCount "57"]

1. d4 d5 2. c4 e6 3. Nf3 c6 4. g3 dxc4 5. Bg2 b5 6. O-O Bb7 7. a4 a6 8. Nc3 Nf6
9. Ne5 Nd5 10. axb5 cxb5 11. e4 Nxc3 12. bxc3 Be7 13. Qg4 O-O 14. h4 f5 15. Qe2
Nd7 16. exf5 Bxg2 17. Kxg2 Nxe5 18. Qxe5 exf5 19. Qe6+ Kh8 20. Re1 Bd6 21. Bg5
Qc7 22. h5 h6 23. Bxh6 Rf6 24. Qd5 Rd8 25. Bc1 Ba3 26. Qf3 Bxc1 27. Raxc1 Qc6
28. Re5 Qxf3+ 29. Kxf3 1/2-1/2

[Event "Ostravský koník 2014 - FIDE Open B"]
[Site "Ostrava, CZE"]
[Date "2014.04.28"]
[Round "3"]
[White "Kubeczka, Ales"]
[Black "Blecha, Josef"]
[Result "0-1"]
[WhiteElo "2069"]
[BlackElo "1890"]
[PlyCount "80"]

1. d4 Nf6 2. c4 b6 3. Nc3 Bb7 4. f3 e6 5. Bg5 Be7 6. e3 d5 7. Rc1 O-O 8. Bd3 c5
9. Nge2 Nbd7 10. O-O Rc8 11. cxd5 Nxd5 12. Bxe7 Qxe7 13. Qd2 Rfd8 14. Bb1 N7f6
15. e4 cxd4 16. Nb5 Nb4 17. e5 Nfd5 18. Rxc8 Bxc8 19. Nexd4 Ba6 20. Rc1 Bxb5
21. Nxb5 g6 22. Nd6 f6 23. f4 fxe5 24. fxe5 Rf8 25. Rc4 Na6 26. Qh6 Qg7 27. Qg5
Nc5 28. a3 Nd7 29. Re4 Nc5 30. Re1 b5 31. g3 Kh8 32. Qg4 Qh6 33. Qd4 Nb3 34.
Qd1 Qd2 35. Qe2 Qd4+ 36. Kh1 Rf2 37. Qe4 Qd2 38. Kg1 Nd4 39. Nc4 Nf3+ 40. Qxf3
Qxe1# 0-1

[Event "Ostravský koník 2014 - FIDE Open B"]
[Site "Ostrava, CZE"]
[Date "2014.04.28"]
[Round "3"]
[White "Müller, Leo"]
[Black "Dobes, Ludek"]
[Result "0-1"]
[WhiteElo "1873"]
[BlackElo "2066"]
[PlyCount "112"]

1. c4 Nf6 2. Nc3 g6 3. d4 Bg7 4. g3 O-O 5. Bg2 d6 6. Bg5 Nbd7 7. Qd2 e5 8. e3
h6 9. Bxf6 Bxf6 10. Nge2 exd4 11. exd4 Bg7 12. O-O c6 13. b3 Nf6 14. Nf4 Bf5
15. Rfe1 Qd7 16. Rac1 Rfe8 17. b4 g5 18. Nd3 Rxe1+ 19. Rxe1 Re8 20. Rxe8+ Qxe8
21. Nc1 Nd7 22. N1e2 Nb6 23. c5 Nc4 24. Qc1 d5 25. a4 Bd3 26. Bf1 Qe6 27. b5
Qf5 28. bxc6 bxc6 29. Qd1 Qf3 30. Bg2 Bxe2 31. Nxe2 Qa3 32. Bh3 Qb4 33. Bd7 Nb2
34. Qb1 Qd2 35. Kf1 Bxd4 36. Nxd4 Qxd4 37. Bxc6 Nd3 38. Qc2 Nxc5 39. Qf5 Qe4
40. Qf6 Ne6 41. Be8 Qb1+ 42. Ke2 Qc2+ 43. Ke1 Qc7 44. Bb5 Qc1+ 45. Ke2 Qc2+ 46.
Ke1 Qe4+ 47. Kd2 Nd4 48. Bd3 Nf3+ 49. Kc3 d4+ 50. Kb4 Qxd3 51. Qxh6 Qc3+ 52.
Kb5 d3 53. Ka6 Qc5 54. a5 Nd4 55. Qh5 Qb5+ 56. Kxa7 Nc6+ 0-1

[Event "Ostravský koník 2014 - FIDE Open B"]
[Site "Ostrava, CZE"]
[Date "2014.04.28"]
[Round "3"]
[White "Kocur, Valter"]
[Black "Bergloviec, Jan"]
[Result "1-0"]
[WhiteElo "2061"]
[BlackElo "1869"]
[PlyCount "109"]

1. c4 Nf6 2. Nc3 d5 3. d4 c6 4. Nf3 a6 5. e3 Nbd7 6. a4 e6 7. Be2 Bd6 8. O-O
O-O 9. b3 e5 10. dxe5 Nxe5 11. cxd5 Nxf3+ 12. Bxf3 Be5 13. Bb2 Bxc3 14. Bxc3
Nxd5 15. Bd4 Re8 16. Ra2 Be6 17. Rd2 Qe7 18. Qa1 f6 19. Rc1 Qf7 20. a5 Rad8 21.
Rcd1 Nc7 22. b4 Bb3 23. Rb1 Nb5 24. Qb2 Nxd4 25. Rxd4 Be6 26. Rbd1 Qe7 27. Qd2
Rxd4 28. Qxd4 Kf7 29. Kf1 Rc8 30. Qc5 g6 31. Rd4 Rc7 32. Ke2 Rd7 33. Qxe7+ Kxe7
34. Rxd7+ Kxd7 35. Kd3 Kd6 36. Kd4 h6 37. h4 g5 38. hxg5 hxg5 39. Bd1 Bd5 40.
g3 Be6 41. f4 gxf4 42. gxf4 f5 43. Bc2 Bc8 44. e4 fxe4 45. Bxe4 Be6 46. Bg6 Kc7
47. Kc5 Kd7 48. f5 Bd5 49. f6 Ke6 50. f7 Ke7 51. Kb6 c5 52. Kxc5 Bc6 53. Kb6
Bf3 54. Bf5 Kxf7 55. Bc8 1-0

[Event "Ostravský koník 2014 - FIDE Open B"]
[Site "Ostrava, CZE"]
[Date "2014.04.28"]
[Round "3"]
[White "Safarík, Roman"]
[Black "Stehlík, Jirí"]
[Result "1/2-1/2"]
[WhiteElo "1739"]
[BlackElo "2017"]
[PlyCount "99"]

1. d4 Nf6 2. c4 c6 3. Nf3 d5 4. cxd5 Qxd5 5. Nc3 Qa5 6. Bd2 Qb6 7. Na4 Qd8 8.
Nc3 Bf5 9. e3 e6 10. Nh4 Bg4 11. Qc2 Bb4 12. h3 Bh5 13. g4 Nd5 14. Nxd5 Bxd2+
15. Qxd2 Qxd5 16. Bg2 Qd8 17. Qb4 Qxh4 18. Qxb7 O-O 19. Qxa8 Bg6 20. Qxa7 h5
21. Qc7 hxg4 22. Qf4 Qe7 23. O-O gxh3 24. Bxh3 Nd7 25. Bg2 c5 26. Rfd1 Nf6 27.
dxc5 Qxc5 28. Rac1 Qa5 29. a3 e5 30. Qb4 Qxb4 31. axb4 Rb8 32. Rc4 Bf5 33. Bc6
Be6 34. Rc5 Rxb4 35. Rxe5 Rxb2 36. Rd8+ Kh7 37. Be4+ Nxe4 38. Rxe4 g5 39. Rxe6
fxe6 40. Rd6 Kg6 41. Rxe6+ Kf5 42. Re8 Rb4 43. Kg2 Rh4 44. Rb8 Ra4 45. Rb5+ Kf6
46. Rd5 Rb4 47. Kg3 Ra4 48. f4 gxf4+ 49. exf4 Ra1 50. Kf2 1/2-1/2

[Event "Ostravský koník 2014 - FIDE Open B"]
[Site "Ostrava, CZE"]
[Date "2014.04.28"]
[Round "3"]
[White "Cyroò, Karel"]
[Black "Radecki, Petr"]
[Result "0-1"]
[WhiteElo "1792"]
[BlackElo "2013"]
[PlyCount "42"]

1. e4 c5 2. Nf3 Nc6 3. d4 cxd4 4. Nxd4 Qb6 5. Nxc6 bxc6 6. Bd3 g6 7. O-O Bg7 8.
c3 Nf6 9. Qe2 O-O 10. Be3 Qc7 11. Nd2 d5 12. Bg5 e5 13. Kh1 Nh5 14. g3 Bh3 15.
Rfe1 Be6 16. b4 h6 17. Bh4 a5 18. a4 Qd7 19. Nb3 dxe4 20. Nc5 exd3 21. Qxh5
Qd5+ 0-1

[Event "Ostravský koník 2014 - FIDE Open B"]
[Site "Ostrava, CZE"]
[Date "2014.04.28"]
[Round "3"]
[White "Písa, Vladimír"]
[Black "Badaèová, Irena"]
[Result "1-0"]
[WhiteElo "1981"]
[BlackElo "1818"]
[PlyCount "101"]

1. e4 d5 2. exd5 Nf6 3. d4 Nxd5 4. Nf3 g6 5. c4 Nb6 6. Nc3 Bg7 7. Be3 O-O 8.
Be2 c6 9. Qd2 Bg4 10. b3 N8d7 11. Rd1 e6 12. h3 Bxf3 13. Bxf3 Qe7 14. O-O Rad8
15. Qc1 Rfe8 16. Rfe1 Qb4 17. Ne4 Qf8 18. g4 Nc8 19. Bg2 h6 20. Kh1 Kh7 21. f4
f5 22. Ng3 fxg4 23. hxg4 Nd6 24. Qc2 Qe7 25. Bf3 Qh4+ 26. Kg2 Nf8 27. Rh1 Qe7
28. c5 Nf7 29. Ne4 Kg8 30. Ng3 Rd7 31. Be4 g5 32. Nh5 Bh8 33. Rdf1 Red8 34.
Bh7+ Nxh7 35. Qg6+ Kf8 36. fxg5 Nhxg5 37. Qxh6+ Ke8 38. Ng7+ Bxg7 39. Qxg7 Rd5
40. Rh5 Kd7 41. Rf6 Rf8 42. Rxg5 Nxg5 43. Qxf8 Qxf8 44. Rxf8 Ke7 45. Rg8 Nf7
46. Kf3 Kf6 47. Ke4 b6 48. g5+ Ke7 49. b4 bxc5 50. bxc5 Rd7 51. g6 1-0

[Event "Ostravský koník 2014 - FIDE Open B"]
[Site "Ostrava, CZE"]
[Date "2014.04.28"]
[Round "3"]
[White "Sobek, Martin"]
[Black "Ramian, Zdenek"]
[Result "0-1"]
[WhiteElo "1946"]
[BlackElo "1775"]
[PlyCount "50"]

1. e4 c6 2. d4 d5 3. f3 dxe4 4. fxe4 e6 5. Nf3 Nf6 6. Bd3 Nbd7 7. O-O Be7 8. e5
Nd5 9. c4 Nc7 10. Nc3 b5 11. cxb5 cxb5 12. Be4 Rb8 13. d5 exd5 14. Nxd5 Nxd5
15. Bxd5 O-O 16. e6 Qb6+ 17. Nd4 fxe6 18. Bxe6+ Kh8 19. Bf4 Bd6 20. Be3 Rxf1+
21. Qxf1 Bc5 22. Qf7 Nf6 23. Nf5 Rb7 24. Qf8+ Bxf8 25. Bxb6 Bxe6 0-1

[Event "Ostravský koník 2014 - FIDE Open B"]
[Site "Ostrava, CZE"]
[Date "2014.04.28"]
[Round "3"]
[White "Stonavský, Filip"]
[Black "Tyleèek, Drahomír"]
[Result "1/2-1/2"]
[WhiteElo "1558"]
[BlackElo "1942"]
[PlyCount "36"]

1. d4 Nf6 2. c4 g6 3. Nc3 d5 4. Bf4 Bg7 5. e3 c6 6. Nf3 O-O 7. cxd5 Nxd5 8.
Nxd5 cxd5 9. a3 Nc6 10. Bd3 Bg4 11. O-O e5 12. dxe5 Nxe5 13. Bxe5 Bxe5 14. h3
Bxf3 15. Qxf3 Qf6 16. Qxf6 Bxf6 17. Rab1 Rac8 18. Rfd1 d4 1/2-1/2

[Event "Ostravský koník 2014 - FIDE Open B"]
[Site "Ostrava, CZE"]
[Date "2014.04.28"]
[Round "3"]
[White "Hlubina, Pavel"]
[Black "Vinklárek, Robert"]
[Result "1-0"]
[WhiteElo "1930"]
[BlackElo "1752"]
[PlyCount "49"]

1. e4 c6 2. d4 d5 3. Nd2 dxe4 4. Nxe4 Bf5 5. Ng3 Bg6 6. h4 h5 7. Nh3 e6 8. Nf4
Ne7 9. Be2 Nf5 10. Nxg6 fxg6 11. Nxf5 exf5 12. Rh3 Be7 13. Bc4 b5 14. Bb3 Kd7
15. Qe2 Bb4+ 16. c3 Re8 17. Re3 Rxe3 18. Qxe3 Bd6 19. Qe6+ Kc7 20. Bg5 Qd7 21.
Qxg6 Na6 22. Kf1 Re8 23. Bf7 Re4 24. f3 Rxd4 25. cxd4 1-0

[Event "Ostravský koník 2014 - FIDE Open B"]
[Site "Ostrava, CZE"]
[Date "2014.04.28"]
[Round "3"]
[White "Krejèok, Tobiás"]
[Black "Sovadina, Jirí"]
[Result "0-1"]
[WhiteElo "1314"]
[BlackElo "1926"]
[PlyCount "64"]

1. e4 e5 2. Nf3 Nc6 3. d4 exd4 4. Nxd4 Nf6 5. Nxc6 bxc6 6. e5 Qe7 7. Qe2 Nd5 8.
c4 Ba6 9. b3 Qh4 10. g3 Qd4 11. Bb2 Bb4+ 12. Nd2 Qxb2 13. Rd1 Nc3 14. Qg4 Nxd1
15. Qxd1 O-O 16. h4 Rfe8 17. h5 Rxe5+ 18. Be2 Rae8 19. O-O Rxe2 20. Nf3 Qf6 21.
Qd3 d5 22. Kg2 Bb7 23. Rd1 Bd6 24. cxd5 cxd5 25. Qb5 Ba8 26. Rd2 d4 27. Rd3 Bf8
28. Qa4 Bc6 29. Qc4 Be4 30. Re3 Rxe3 31. fxe3 Qxf3+ 32. Kh2 Qh1# 0-1

[Event "Ostravský koník 2014 - FIDE Open B"]
[Site "Ostrava, CZE"]
[Date "2014.04.28"]
[Round "3"]
[White "Albertoviè, Lukás"]
[Black "Oèko, Dominik"]
[Result "1-0"]
[WhiteElo "1923"]
[BlackElo "1480"]
[PlyCount "71"]

1. e4 c5 2. Nc3 e6 3. g3 d5 4. d3 d4 5. Nce2 Nf6 6. Bg2 Nbd7 7. Nh3 Be7 8. c3
e5 9. f4 O-O 10. O-O Qb6 11. f5 h6 12. Nf2 a5 13. g4 Kh7 14. Bf3 Rg8 15. Qd2
Ne8 16. Nh3 f6 17. Ng3 Qc6 18. Kh1 b5 19. Rg1 Nd6 20. Nf2 Ba6 21. h4 Nf7 22.
Nh3 Rac8 23. Nh5 Nb6 24. Qh2 g6 25. fxg6+ Rxg6 26. Ng3 Rcg8 27. Nf5 Bf8 28. g5
Nd7 29. Bh5 fxg5 30. Bxg6+ Qxg6 31. hxg5 h5 32. Nh4 Qe6 33. g6+ Kh8 34. gxf7
Qxf7 35. Rxg8+ Qxg8 36. Bd2 1-0

[Event "Ostravský koník 2014 - FIDE Open B"]
[Site "Ostrava, CZE"]
[Date "2014.04.28"]
[Round "3"]
[White "Kosár ml., Mikulás"]
[Black "Sumsal, Václav"]
[Result "1/2-1/2"]
[WhiteElo "1896"]
[BlackElo "1657"]
[PlyCount "24"]

1. e4 c6 2. d4 d5 3. e5 Bf5 4. Bd3 Bxd3 5. Qxd3 e6 6. f4 g6 7. Nf3 h5 8. Ng5
Ne7 9. b3 Nf5 10. c3 Be7 11. O-O Nd7 12. a4 a5 1/2-1/2

[Event "Ostravský koník 2014 - FIDE Open B"]
[Site "Ostrava, CZE"]
[Date "2014.04.28"]
[Round "3"]
[White "Benes, Miroslav"]
[Black "Filip, Tomás"]
[Result "1-0"]
[WhiteElo "2020"]
[BlackElo "1595"]
[PlyCount "71"]

1. d4 d5 2. Nf3 Nf6 3. c4 e6 4. Nc3 Be7 5. Bf4 O-O 6. e3 b6 7. Bd3 Bb7 8. O-O
c5 9. Nb5 Nc6 10. cxd5 Nxd5 11. Bg3 cxd4 12. exd4 a6 13. Nc3 Kh8 14. a3 f5 15.
h3 Bf6 16. Bc4 b5 17. Nxd5 exd5 18. Ba2 Qd7 19. Rc1 Rae8 20. Rc5 Nd8 21. Ne5
Qe6 22. Re1 Qg8 23. Rc7 Ba8 24. Ra7 Bb7 25. Qf3 f4 26. Bh2 Nc6 27. Rxb7 Nxd4
28. Qh5 Rxe5 29. Rxe5 g6 30. Qg4 Bxe5 31. Qd7 Rc8 32. Bxf4 Bxf4 33. g3 Rd8 34.
Qe7 Nf5 35. Qf6+ Ng7 36. Rxg7 1-0

[Event "Ostravský koník 2014 - FIDE Open B"]
[Site "Ostrava, CZE"]
[Date "2014.04.28"]
[Round "3"]
[White "Lipovský, Tomás"]
[Black "Beluská, Tereza"]
[Result "1-0"]
[WhiteElo "2011"]
[BlackElo "1645"]
[PlyCount "77"]

1. e4 e6 2. d4 d5 3. e5 c5 4. c3 Nc6 5. Nf3 Bd7 6. Bd3 cxd4 7. cxd4 Rc8 8. O-O
Nb4 9. Nc3 Nxd3 10. Qxd3 Nh6 11. Bxh6 gxh6 12. Rac1 Bg7 13. Ne2 Rxc1 14. Rxc1
O-O 15. Ng3 Qb6 16. b3 f5 17. exf6 Bxf6 18. Nh5 Bg5 19. Nxg5 hxg5 20. Qe3 Qd8
21. Qe5 Qe7 22. g4 Bc6 23. b4 a6 24. a4 Rf7 25. b5 axb5 26. axb5 Bxb5 27. Rc8+
Be8 28. Qb8 Kf8 29. Qe5 Kg8 30. h4 h6 31. hxg5 hxg5 32. Qb8 Kf8 33. Qe5 Kg8 34.
f4 gxf4 35. g5 Kh7 36. Nf6+ Rxf6 37. gxf6 Qf8 38. Qxe6 Bf7 39. Qf5+ 1-0

[Event "Ostravský koník 2014 - FIDE Open B"]
[Site "Ostrava, CZE"]
[Date "2014.04.28"]
[Round "3"]
[White "Borovièka, Bohumil"]
[Black "Glacner, Karel"]
[Result "1-0"]
[WhiteElo "2000"]
[BlackElo "1579"]
[PlyCount "47"]

1. d4 Nf6 2. Bg5 c5 3. Nc3 cxd4 4. Qxd4 Nc6 5. Qh4 Qb6 6. O-O-O d5 7. Bxf6 e6
8. Bd4 Nxd4 9. Qxd4 Qxd4 10. Rxd4 Bc5 11. Rd1 Bxf2 12. e4 dxe4 13. Nxe4 Bd7 14.
Nxf2 Ke7 15. Nf3 f6 16. Bc4 b5 17. Bb3 a5 18. a3 Rhb8 19. Rhe1 b4 20. a4 Rc8
21. Nd3 Rc7 22. Nf4 Rc6 23. Nd4 Rd6 24. Nf5+ 1-0

[Event "Ostravský koník 2014 - FIDE Open B"]
[Site "Ostrava, CZE"]
[Date "2014.04.28"]
[Round "3"]
[White "Kubelová, Soòa"]
[Black "Holeèek, Vladimír"]
[Result "0-1"]
[WhiteElo "1639"]
[BlackElo "1981"]
[PlyCount "116"]

1. d4 f5 2. f4 Nf6 3. Nf3 e6 4. e3 Be7 5. Be2 O-O 6. O-O Ne4 7. Nbd2 b6 8. Ne5
d6 9. Nef3 Bb7 10. Bc4 Rf6 11. Bd3 Nxd2 12. Bxd2 Rh6 13. Qe2 Bxf3 14. Qxf3 d5
15. c4 c6 16. cxd5 cxd5 17. Rac1 Rf6 18. Rc2 Rf7 19. g4 g6 20. gxf5 exf5 21.
Rfc1 Kg7 22. Rc8 Qd6 23. Ba6 Nxa6 24. Rxa8 Bd8 25. Rcc8 Rd7 26. Qe2 Nc7 27.
Rxa7 Ne6 28. Rxd7+ Qxd7 29. Rc1 Qe7 30. Qf3 Qd6 31. a3 Bc7 32. Bb4 Qd7 33. h4
Qb5 34. h5 Qd3 35. Kf2 Qb5 36. Qh3 Qd3 37. Qg2 Qb3 38. Bc3 g5 39. fxg5 f4 40.
e4 Qc4 41. Rd1 Bd8 42. exd5 Nxg5 43. d6 f3 44. Qf1 Qd5 45. h6+ Kf7 46. Kg1 Qxd6
47. Qc4+ Kg6 48. Qg8+ Kh5 49. Qe8+ Kxh6 50. Qe5 Qg6 51. Qh2+ Nh3+ 52. Kf1 Qg4
53. Bd2+ Kg6 54. Qd6+ Bf6 55. Qh2 Bxd4 56. Qd6+ Bf6 57. Qh2 Qc4+ 58. Ke1 Bh4+
0-1

[Event "Ostravský koník 2014 - FIDE Open B"]
[Site "Ostrava, CZE"]
[Date "2014.04.28"]
[Round "3"]
[White "Ling, Bronislav"]
[Black "Benes, Jaroslav"]
[Result "1/2-1/2"]
[WhiteElo "1981"]
[BlackElo "1586"]
[PlyCount "54"]

1. e4 c5 2. Nf3 e6 3. d4 cxd4 4. Nxd4 Nc6 5. Be3 Nf6 6. Nc3 a6 7. a3 d5 8. exd5
Nxd5 9. Nxd5 Qxd5 10. c4 Qd7 11. Be2 Bd6 12. Bf3 Ne5 13. Be2 O-O 14. O-O Rb8
15. Rc1 b6 16. f4 Nc6 17. Nxc6 Qxc6 18. b4 Rd8 19. Qc2 Bb7 20. Bf3 Qc7 21. Bxb7
Qxb7 22. Qf2 Be7 23. Bd4 Bf8 24. Be5 Rbc8 25. Qg3 Qe4 26. Qf2 Qb7 27. Qg3 Qe4
1/2-1/2

[Event "Ostravský koník 2014 - FIDE Open B"]
[Site "Ostrava, CZE"]
[Date "2014.04.28"]
[Round "3"]
[White "Srámek, Vojtech"]
[Black "Nováèek, Pavel"]
[Result "1/2-1/2"]
[WhiteElo "1580"]
[BlackElo "1979"]
[PlyCount "51"]

1. e4 c5 2. Nf3 e6 3. d4 cxd4 4. Nxd4 Nf6 5. Nc3 d6 6. Be2 Be7 7. O-O O-O 8.
Be3 Nc6 9. Kh1 a6 10. f4 Qc7 11. Qe1 Nxd4 12. Bxd4 b5 13. a3 Bb7 14. Bd3 Rac8
15. Qg3 g6 16. Rf3 Nh5 17. Qh3 Nxf4 18. Rxf4 e5 19. Bxe5 dxe5 20. Rff1 Rcd8 21.
Qg3 f6 22. Rf2 Qc5 23. Rf3 Kg7 24. Raf1 Qc8 25. Qh4 Qe6 26. Rh3 1/2-1/2